00777nam a22002657a 4500003000500000005001700005008004100022010001000063011001000073020001800083035001100101040000900112082002100121245010800142260005500250300002000305650001700325650002500342650003500367650001700402650002100419650001400440700003000454700002700484CHAP20220329143531.0100416s2009 mx a r 00010 spa d a98153 a99125 a9786074501131 a109810 cCHAP14a304.873072bEm7500aEmpresarios migrantes mexicanos en Estados Unidosc/por M. Basilia Valenzuela y Magarita Calleja Pinedo aZapopan, Jal. :bUniversidad de Guadalajara,c2009 a347 p. :bilus.14aEmpresarios.14aEmpresas pequeñas.14aExportación e importación.14aInmigrantes.14aMicroeconomía.14aNegocios.1 aCalleja Pinedo, Margarita1 aValenzuela, M. Basilia